Sudety plné optimismu?

V súčasnej dobe sa Sudety stávajú v dôsledku odstránenia železnej opony a pod vplyvom diskusie okolo odsunu a práv sudetských Nemcov predmetom veľkej pozornosti. Nemecký kapitál preniká do pohraničia pomocou nastrčených osôb (tzv. strohmannov). Najväčší záujem majú nemeckí investori o Karlove Vary a...

Descripción completa

Guardado en:
Detalles Bibliográficos
Autor principal: Adámková, Alena
Formato: Capítulo de libro
Lenguaje:checo
Materias:
Etiquetas: Agregar Etiqueta
Sin Etiquetas, Sea el primero en etiquetar este registro!

MARC

LEADER 00000naa a2200000 4500
001 r006652
005 20221125075702.1
041 0 |a cze 
044 |a [CS] 
245 1 0 |a Sudety plné optimismu?  |c A. Adámková 
520 |a V súčasnej dobe sa Sudety stávajú v dôsledku odstránenia železnej opony a pod vplyvom diskusie okolo odsunu a práv sudetských Nemcov predmetom veľkej pozornosti. Nemecký kapitál preniká do pohraničia pomocou nastrčených osôb (tzv. strohmannov). Najväčší záujem majú nemeckí investori o Karlove Vary a iné kúpeľné mestá. Potreba vytvorenia protiváhy nemeckému kapitálu rozvíjaním kapitálu českého. Úvahy o ďalšom vývine v pohraničí. 
610 2 0 |a investície zahraničné 
610 2 0 |a kapitál zahraničný 
610 2 0 |a pohraničie 
610 2 0 |a Čechy 
610 2 0 |a Sudety 
610 2 0 |a Nemecko 
100 1 |a Adámková, Alena